Statistics for Most Watched Twitch Genres of 2021

Click here to take the quiz!

General Stats

  • This quiz has been taken 25 times
  • The average score is 5 of 10

Answer Stats

HintAnswer% Correct
2.983 BillionJust chatting
82%
956.82 MillionFortnite
73%
1.719 BillionLeague of Legends
64%
852.03 MillionMinecraft
59%
1.855 BillionGrand Theft Auto Five
50%
758.79 MillionCounter Strike: Global Offensive
45%
939.65 MillionValorant
45%
570 MillionDota 2
41%
690 MillionApex Legends
27%
834.34 MillionCall of Duty: Warzone
23%

Score Distribution

Percentile by Number Answered

Percent of People with Each Score

Your Score History

You have not taken this quiz